[Event "FIDE Online Olympiad Div 2 Pool A 2020"]
[Site "Online"]
[Date "2020.08.16"]
[Round "8"]
[White "Ly, Moulthun"]
[Black "Wagner, Dennis"]
[Result "1/2-1/2"]
[WhiteElo "2420"]
[BlackElo "2250"]
[Annotator "broadcasts"]
[PlyCount "125"]
[EventDate "2020.08.14"]
[EventType "team-tourn"]
[TimeControl "900+5"]

1. d4 {[%emt 0:00:07]} Nf6 {[%emt 0:00:02]} 2. c4 {[%emt 0:00:08]} g6 {[%emt 0:00:01]} 3. Nc3 {[%emt 0:00:15]} d5 {[%emt 0:00:02]} 4. Bf4 {[%emt 0:00:37]} Bg7 {[%emt 0:00:02]} 5. e3 {[%emt 0:00:02]} O-O {[%emt 0:00:02]} 6. Rc1 {[%emt 0:00:55]} Be6 {[%emt 0:00:03]} 7. cxd5 {[%emt 0:00:28]} Nxd5 {[%emt 0:00:02]} 8. Nxd5 {[%emt 0:00:02]} Bxd5 {[%emt 0:00:06]} 9. Bxc7 {[%emt 0:00:41]} Qd7 {[%emt 0:00:04]} 10. Nf3 {[%emt 0:01:32]} Nc6 {[%emt 0:00:06]} 11. Bg3 {[%emt 0:00:07]} Rfd8 {[%emt 0:03:49]} 12. Bb5 {[%emt 0:02:12]} Rac8 {[%emt 0:04:23]} 13. O-O {[%emt 0:00:42]} a6 {[%emt 0:02:10]} 14. Ba4 {[%emt 0:03:42]} Bxa2 {[%emt 0:00:04]} 15. Bb3 {[%emt 0:00:51]} Bxb3 {[%emt 0:00:48]} 16. Qxb3 {[%emt 0:00:00]} b5 {[%emt 0:01:07]} 17. h3 {[%emt 0:00:46]} e6 {[%emt 0:00:42]} 18. Rc3 {[%emt 0:00:43]} Na5 {[%emt 0:00:12]} 19. Qa2 {[%emt 0:00:14]} Nc4 {[%emt 0:01:29]} 20. Rfc1 {[%emt 0:00:57]} Qb7 {[%emt 0:00:35]} 21. b3 {[%emt 0:00:08]} Nd6 {[%emt 0:00:15]} 22. Rxc8 {[%emt 0:00:24]} Rxc8 {[%emt 0:00:05]} 23. Rxc8+ {[%emt 0:00:06]} Nxc8 {[%emt 0:00:00]} 24. Qa5 {[%emt 0:00:08]} Nb6 {[%emt 0:00:04]} 25. Bd6 {[%emt 0:00:18]} Bf6 {[%emt 0:00:33]} 26. Bc5 {[%emt 0:00:06]} Nd7 {[%emt 0:00:01]} 27. Bb4 {[%emt 0:00:37]} h5 {[%emt 0:00:04]} 28. Nd2 {[%emt 0:00:13]} Qc6 {[%emt 0:00:02]} 29. Qa1 {[%emt 0:00:04]} Kh7 {[%emt 0:00:11]} 30. Qb1 {[%emt 0:00:01]} Nb6 {[%emt 0:00:02]} 31. Ne4 {[%emt 0:00:02]} Bg7 {[%emt 0:00:05]} 32. h4 {[%emt 0:00:05]} Nd5 {[%emt 0:00:02]} 33. Bc5 {[%emt 0:00:01]} Kg8 {[%emt 0:00:03]} 34. g3 {[%emt 0:00:04]} a5 {[%emt 0:00:07]} 35. Qd3 {[%emt 0:00:07]} Nf6 {[%emt 0:00:09]} 36. Nd6 {[%emt 0:00:05]} b4 {[%emt 0:00:09]} 37. Nc4 {[%emt 0:00:08]} a4 {[%emt 0:00:05]} 38. Ne5 {[%emt 0:00:08]} Qa8 {[%emt 0:00:05]} 39. bxa4 {[%emt 0:00:09]} Qxa4 {[%emt 0:00:02]} 40. Qc4 {[%emt 0:00:04]} Bf8 {[%emt 0:00:03]} 41. Bxf8 {[%emt 0:00:06]} Kxf8 {[%emt 0:00:01]} 42. Qc7 {[%emt 0:00:02]} Qe8 {[%emt 0:00:05]} 43. Qb7 {[%emt 0:00:09]} Nd5 {[%emt 0:00:12]} 44. e4 {[%emt 0:00:02]} Nf6 {[%emt 0:00:07]} 45. Qxb4+ {[%emt 0:00:03]} Kg7 {[%emt 0:00:01]} 46. f3 {[%emt 0:00:04]} Qc8 {[%emt 0:00:04]} 47. Nd3 {[%emt 0:00:06]} Qc2 {[%emt 0:00:04]} 48. Nf2 {[%emt 0:00:01]} Qe2 {[%emt 0:00:04]} 49. Kg2 {[%emt 0:00:01]} Nd7 {[%emt 0:00:09]} 50. Qd6 {[%emt 0:00:03]} Qb5 {[%emt 0:00:06]} 51. g4 {[%emt 0:00:08]} hxg4 {[%emt 0:00:03]} 52. Nxg4 {[%emt 0:00:03]} Qe2+ {[%emt 0:00:02]} 53. Nf2 {[%emt 0:00:03]} Qb5 {[%emt 0:00:07]} 54. Kg3 {[%emt 0:00:09]} Nf6 {[%emt 0:00:01]} 55. Qe5 {[%emt 0:00:08]} Qf1 {[%emt 0:00:22]} 56. Nh3 {[%emt 0:00:20]} Qe1+ {[%emt 0:00:01]} 57. Kg2 {[%emt 0:00:04]} Qxh4 {[%emt 0:00:02]} 58. Ng5 {[%emt 0:00:09]} Qe1 {[%emt 0:00:08]} 59. Nh3 {[%emt 0:00:05]} Qe2+ {[%emt 0:00:05]} 60. Kg3 {[%emt 0:00:04]} Qe1+ {[%emt 0:00:02]} 61. Kg2 {[%emt 0:00:00]} Qe2+ {[%emt 0:00:01]} 62. Nf2 {[%emt 0:00:03]} Qd2 {[%emt 0:00:01]} 63. Kg3 {[%emt 0:00:04]} 1/2-1/2

[Event "FIDE Online Olympiad Div 2 Pool A 2020"]
[Site "Online"]
[Date "2020.08.16"]
[Round "8"]
[White "Schulze, Lara"]
[Black "Zhang, Jilin"]
[Result "1-0"]
[WhiteElo "2218"]
[BlackElo "2129"]
[Annotator "broadcasts"]
[PlyCount "165"]
[EventDate "2020.08.14"]
[EventType "team-tourn"]
[TimeControl "900+5"]

1. e4 {[%emt 0:00:02]} c5 {[%emt 0:00:03]} 2. Nf3 {[%emt 0:00:02]} d6 {[%emt 0:00:07]} 3. d4 {[%emt 0:00:02]} cxd4 {[%emt 0:00:02]} 4. Nxd4 {[%emt 0:00:00]} Nf6 {[%emt 0:00:02]} 5. Nc3 {[%emt 0:00:01]} a6 {[%emt 0:00:03]} 6. f3 {[%emt 0:00:02]} e5 {[%emt 0:00:08]} 7. Nb3 {[%emt 0:00:02]} Be7 {[%emt 0:00:05]} 8. Be3 {[%emt 0:00:03]} Be6 {[%emt 0:00:21]} 9. Qd2 {[%emt 0:00:03]} h5 {[%emt 0:00:09]} 10. Nd5 {[%emt 0:00:04]} Nxd5 {[%emt 0:00:17]} 11. exd5 {[%emt 0:00:01]} Bf5 {[%emt 0:00:06]} 12. Be2 {[%emt 0:00:21]} Qc7 {[%emt 0:00:13]} 13. c4 {[%emt 0:00:59]} Nd7 {[%emt 0:00:04]} 14. O-O {[%emt 0:01:00]} a5 {[%emt 0:00:33]} 15. Rac1 {[%emt 0:00:12]} b6 {[%emt 0:00:06]} 16. Na1 {[%emt 0:00:08]} h4 {[%emt 0:00:42]} 17. Nc2 {[%emt 0:00:11]} Bxc2 {[%emt 0:00:49]} 18. Rxc2 {[%emt 0:00:51]} Rc8 {[%emt 0:00:37]} 19. Rfc1 {[%emt 0:00:19]} Nc5 {[%emt 0:00:24]} 20. b3 {[%emt 0:01:09]} Bf6 {[%emt 0:00:07]} 21. Bf1 {[%emt 0:01:08]} Qe7 {[%emt 0:00:05]} 22. Rb1 {[%emt 0:00:26]} O-O {[%emt 0:00:37]} 23. a3 {[%emt 0:00:32]} Rfe8 {[%emt 0:00:35]} 24. b4 {[%emt 0:00:33]} axb4 {[%emt 0:00:06]} 25. axb4 {[%emt 0:00:01]} Nd7 {[%emt 0:00:30]} 26. Ra2 {[%emt 0:00:58]} e4 {[%emt 0:00:10]} 27. f4 {[%emt 0:00:08]} Ra8 {[%emt 0:00:04]} 28. Be2 {[%emt 0:00:33]} Bc3 {[%emt 0:01:27]} 29. Qc2 {[%emt 0:00:39]} Rxa2 {[%emt 0:00:02]} 30. Qxa2 {[%emt 0:00:02]} Qf6 {[%emt 0:00:33]} 31. Bg4 {[%emt 0:01:22]} Bd4 {[%emt 0:00:14]} 32. Qf2 {[%emt 0:00:07]} Bxe3 {[%emt 0:00:06]} 33. Qxe3 {[%emt 0:00:00]} Nf8 {[%emt 0:00:19]} 34. Rf1 {[%emt 0:03:29]} Qb2 {[%emt 0:00:52]} 35. b5 {[%emt 0:00:24]} Qc2 {[%emt 0:01:24]} 36. Rc1 {[%emt 0:00:45]} Qd3 {[%emt 0:01:06]} 37. Qxd3 {[%emt 0:00:27]} exd3 {[%emt 0:00:02]} 38. Kf2 {[%emt 0:00:23]} Re4 {[%emt 0:00:34]} 39. g3 {[%emt 0:00:27]} hxg3+ {[%emt 0:00:12]} 40. hxg3 {[%emt 0:00:00]} d2 {[%emt 0:00:08]} 41. Rc2 {[%emt 0:00:04]} Nd7 {[%emt 0:00:42]} 42. Rxd2 {[%emt 0:00:07]} Nc5 {[%emt 0:00:23]} 43. Be2 {[%emt 0:00:05]} g5 {[%emt 0:00:31]} 44. fxg5 {[%emt 0:00:03]} Re5 {[%emt 0:00:03]} 45. Rd4 {[%emt 0:00:08]} Kg7 {[%emt 0:00:30]} 46. Rf4 {[%emt 0:00:05]} Ne4+ {[%emt 0:00:22]} 47. Ke3 {[%emt 0:00:12]} Nxg3+ {[%emt 0:00:03]} 48. Kd3 {[%emt 0:00:09]} Nxe2 {[%emt 0:00:11]} 49. Rf6 {[%emt 0:00:02]} Nc1+ {[%emt 0:00:46]} 50. Kc2 {[%emt 0:00:01]} Ne2 {[%emt 0:00:36]} 51. Rxd6 {[%emt 0:00:05]} Rxg5 {[%emt 0:00:09]} 52. Rxb6 {[%emt 0:00:02]} f5 {[%emt 0:00:04]} 53. d6 {[%emt 0:00:05]} Nd4+ {[%emt 0:00:04]} 54. Kd3 {[%emt 0:00:02]} Ne6 {[%emt 0:00:06]} 55. d7 {[%emt 0:00:05]} Rg3+ {[%emt 0:00:09]} 56. Ke2 {[%emt 0:00:06]} Nd8 {[%emt 0:00:21]} 57. Rb8 {[%emt 0:00:05]} Nf7 {[%emt 0:00:02]} 58. d8=Q {[%emt 0:00:07]} Nxd8 {[%emt 0:00:01]} 59. Rxd8 {[%emt 0:00:00]} Rc3 {[%emt 0:00:07]} 60. Rc8 {[%emt 0:00:09]} Kf6 {[%emt 0:00:04]} 61. b6 {[%emt 0:00:02]} Rb3 {[%emt 0:00:05]} 62. c5 {[%emt 0:00:02]} Ke6 {[%emt 0:00:03]} 63. Rd8 {[%emt 0:00:14]} f4 {[%emt 0:00:04]} 64. Rd6+ {[%emt 0:00:08]} Ke7 {[%emt 0:00:14]} 65. Rd4 {[%emt 0:00:06]} f3+ {[%emt 0:00:21]} 66. Kf2 {[%emt 0:00:02]} Rb5 {[%emt 0:00:04]} 67. Rc4 {[%emt 0:00:04]} Rb3 {[%emt 0:00:02]} 68. c6 {[%emt 0:00:06]} Kd8 {[%emt 0:00:05]} 69. Rd4+ {[%emt 0:00:06]} Kc8 {[%emt 0:00:03]} 70. b7+ {[%emt 0:00:12]} Kc7 {[%emt 0:00:02]} 71. Rc4 {[%emt 0:00:03]} Rb2+ {[%emt 0:00:26]} 72. Kxf3 {[%emt 0:00:01]} Rb3+ {[%emt 0:00:01]} 73. Ke4 {[%emt 0:00:02]} Rb5 {[%emt 0:00:02]} 74. Kd4 {[%emt 0:00:03]} Rb1 {[%emt 0:00:02]} 75. Kc5 {[%emt 0:00:04]} Rb2 {[%emt 0:00:12]} 76. Rb4 {[%emt 0:00:07]} Rc2+ {[%emt 0:00:03]} 77. Kb5 {[%emt 0:00:08]} Rh2 {[%emt 0:00:11]} 78. Ka4 {[%emt 0:00:09]} Rh8 {[%emt 0:00:06]} 79. Kb5 {[%emt 0:00:06]} Rh5+ {[%emt 0:00:02]} 80. Ka6 {[%emt 0:00:06]} Rh8 {[%emt 0:00:04]} 81. Ka7 {[%emt 0:00:03]} Kxc6 {[%emt 0:00:07]} 82. b8=Q {[%emt 0:00:02]} Rxb8 {[%emt 0:00:03]} 83. Rxb8 {[%emt 0:00:00]} 1-0

[Event "FIDE Online Olympiad Div 2 Pool A 2020"]
[Site "Online"]
[Date "2020.08.16"]
[Round "8"]
[White "Ryjanova, Julia"]
[Black "Osmanodja, Filiz"]
[Result "0-1"]
[WhiteElo "2200"]
[BlackElo "2182"]
[Annotator "broadcasts"]
[PlyCount "76"]
[EventDate "2020.08.14"]
[EventType "team-tourn"]
[TimeControl "900+5"]

1. d4 {[%emt 0:00:03]} Nf6 {[%emt 0:00:03]} 2. c4 {[%emt 0:00:04]} e6 {[%emt 0:00:02]} 3. Nf3 {[%emt 0:00:02]} Bb4+ {[%emt 0:00:04]} 4. Nbd2 {[%emt 0:00:03]} O-O {[%emt 0:00:13]} 5. a3 {[%emt 0:00:08]} Be7 {[%emt 0:00:03]} 6. e4 {[%emt 0:00:17]} d5 {[%emt 0:00:19]} 7. Bd3 {[%emt 0:03:19]} c5 {[%emt 0:00:58]} 8. e5 {[%emt 0:00:44]} Nfd7 {[%emt 0:00:22]} 9. cxd5 {[%emt 0:00:07]} exd5 {[%emt 0:00:06]} 10. O-O {[%emt 0:01:45]} cxd4 {[%emt 0:00:24]} 11. Nb3 {[%emt 0:01:39]} Nc6 {[%emt 0:00:06]} 12. Bf4 {[%emt 0:00:32]} f6 {[%emt 0:03:53]} 13. exf6 {[%emt 0:00:26]} Bxf6 {[%emt 0:00:56]} 14. Re1 {[%emt 0:01:09]} Nb6 {[%emt 0:01:05]} 15. Qc2 {[%emt 0:01:26]} h6 {[%emt 0:02:07]} 16. Nc5 {[%emt 0:00:36]} Be7 {[%emt 0:00:59]} 17. Bg3 {[%emt 0:00:10]} Bg4 {[%emt 0:02:26]} 18. Nxb7 {[%emt 0:01:30]} Qc8 {[%emt 0:00:01]} 19. Nd6 {[%emt 0:01:25]} Bxd6 {[%emt 0:00:12]} 20. Bxd6 {[%emt 0:00:02]} Rf6 {[%emt 0:00:47]} 21. Be5 {[%emt 0:00:32]} Nxe5 {[%emt 0:00:34]} 22. Nxe5 {[%emt 0:00:02]} Qxc2 {[%emt 0:00:14]} 23. Bxc2 {[%emt 0:00:01]} Bf5 {[%emt 0:00:13]} 24. Bxf5 {[%emt 0:00:16]} Rxf5 {[%emt 0:00:00]} 25. Rad1 {[%emt 0:00:11]} Re8 {[%emt 0:00:26]} 26. Nf3 {[%emt 0:00:05]} Rxe1+ {[%emt 0:00:08]} 27. Rxe1 {[%emt 0:00:03]} Rf4 {[%emt 0:00:06]} 28. Rd1 {[%emt 0:00:13]} Nc4 {[%emt 0:00:08]} 29. b3 {[%emt 0:00:12]} Nxa3 {[%emt 0:00:06]} 30. Rxd4 {[%emt 0:00:06]} Rxd4 {[%emt 0:00:06]} 31. Nxd4 {[%emt 0:00:01]} Kf7 {[%emt 0:00:03]} 32. f4 {[%emt 0:00:04]} Kf6 {[%emt 0:00:01]} 33. Kf2 {[%emt 0:00:02]} g5 {[%emt 0:00:01]} 34. g3 {[%emt 0:00:01]} gxf4 {[%emt 0:00:02]} 35. gxf4 {[%emt 0:00:02]} Nb1 {[%emt 0:00:02]} 36. Ke3 {[%emt 0:00:04]} Nc3 {[%emt 0:00:01]} 37. Nb5 {[%emt 0:00:13]} Nxb5 {[%emt 0:00:01]} 38. Kd3 {[%emt 0:00:07]} Kf5 {[%emt 0:00:02]} 0-1

[Event "FIDE Online Olympiad Div 2 Pool A 2020"]
[Site "Online"]
[Date "2020.08.16"]
[Round "8"]
[White "Vogel, Roven"]
[Black "Kuybokarov, Temur"]
[Result "0-1"]
[WhiteElo "2046"]
[BlackElo "2352"]
[Annotator "broadcasts"]
[PlyCount "80"]
[EventDate "2020.08.14"]
[EventType "team-tourn"]
[TimeControl "900+5"]

1. Nf3 {[%emt 0:00:04]} d5 {[%emt 0:00:07]} 2. d4 {[%emt 0:00:03]} Nf6 {[%emt 0:00:11]} 3. c4 {[%emt 0:00:03]} dxc4 {[%emt 0:00:08]} 4. e3 {[%emt 0:00:03]} Be6 {[%emt 0:00:05]} 5. Nc3 {[%emt 0:00:17]} a6 {[%emt 0:00:02]} 6. Ng5 {[%emt 0:00:40]} Bg4 {[%emt 0:00:03]} 7. f3 {[%emt 0:01:40]} Bc8 {[%emt 0:00:03]} 8. Bxc4 {[%emt 0:00:07]} e6 {[%emt 0:00:01]} 9. a4 {[%emt 0:02:48]} c5 {[%emt 0:01:23]} 10. d5 {[%emt 0:01:41]} h6 {[%emt 0:00:34]} 11. Nge4 {[%emt 0:01:04]} Nxd5 {[%emt 0:01:46]} 12. Nxd5 {[%emt 0:00:11]} exd5 {[%emt 0:00:02]} 13. Qxd5 {[%emt 0:00:01]} Qc7 {[%emt 0:02:40]} 14. Qh5 {[%emt 0:00:25]} Nc6 {[%emt 0:01:08]} 15. f4 {[%emt 0:00:03]} Qe7 {[%emt 0:01:20]} 16. O-O {[%emt 0:05:11]} g6 {[%emt 0:00:22]} 17. Qf3 {[%emt 0:00:02]} Bg7 {[%emt 0:00:17]} 18. Nc3 {[%emt 0:00:38]} Nb4 {[%emt 0:00:59]} 19. e4 {[%emt 0:00:17]} O-O {[%emt 0:00:44]} 20. f5 {[%emt 0:00:02]} Nc2 {[%emt 0:01:15]} 21. f6 {[%emt 0:00:24]} Qxf6 {[%emt 0:00:28]} 22. Qxf6 {[%emt 0:00:02]} Bxf6 {[%emt 0:00:01]} 23. Rxf6 {[%emt 0:00:01]} Kg7 {[%emt 0:01:20]} 24. Rf2 {[%emt 0:00:02]} Nxa1 {[%emt 0:00:03]} 25. b3 {[%emt 0:00:02]} b5 {[%emt 0:00:35]} 26. axb5 {[%emt 0:00:54]} axb5 {[%emt 0:00:01]} 27. Nxb5 {[%emt 0:00:01]} Be6 {[%emt 0:00:52]} 28. Nc7 {[%emt 0:00:11]} Bxc4 {[%emt 0:00:11]} 29. Bb2+ {[%emt 0:00:03]} Kg8 {[%emt 0:00:02]} 30. Nxa8 {[%emt 0:00:04]} Nxb3 {[%emt 0:00:12]} 31. Nb6 {[%emt 0:00:07]} Be6 {[%emt 0:00:02]} 32. Nd5 {[%emt 0:00:14]} Bxd5 {[%emt 0:00:04]} 33. exd5 {[%emt 0:00:00]} Rd8 {[%emt 0:00:01]} 34. Re2 {[%emt 0:00:04]} Nd4 {[%emt 0:00:07]} 35. Bxd4 {[%emt 0:00:13]} cxd4 {[%emt 0:00:01]} 36. Re5 {[%emt 0:00:00]} Kg7 {[%emt 0:00:08]} 37. Kf2 {[%emt 0:00:05]} Kf6 {[%emt 0:00:01]} 38. Re4 {[%emt 0:00:02]} Rxd5 {[%emt 0:00:00]} 39. g4 {[%emt 0:00:08]} d3 {[%emt 0:00:10]} 40. Ke1 {[%emt 0:00:02]} Re5 {[%emt 0:00:02]} 0-1

[Event "FIDE Online Olympiad Div 2 Pool A 2020"]
[Site "Online"]
[Date "2020.08.16"]
[Round "8"]
[White "Lim, Cassandra"]
[Black "Schneider, Jana"]
[Result "1/2-1/2"]
[WhiteElo "1893"]
[BlackElo "2223"]
[Annotator "broadcasts"]
[PlyCount "131"]
[EventDate "2020.08.14"]
[EventType "team-tourn"]
[TimeControl "900+5"]

1. d4 {[%emt 0:00:01]} Nf6 {[%emt 0:00:03]} 2. c4 {[%emt 0:00:01]} e6 {[%emt 0:00:01]} 3. Nc3 {[%emt 0:00:01]} Bb4 {[%emt 0:00:02]} 4. e3 {[%emt 0:00:01]} O-O {[%emt 0:00:02]} 5. Nge2 {[%emt 0:00:01]} Re8 {[%emt 0:00:02]} 6. a3 {[%emt 0:00:02]} Bf8 {[%emt 0:00:02]} 7. Ng3 {[%emt 0:00:07]} d5 {[%emt 0:00:07]} 8. Bd3 {[%emt 0:00:06]} b6 {[%emt 0:00:09]} 9. O-O {[%emt 0:00:07]} Bb7 {[%emt 0:00:06]} 10. Re1 {[%emt 0:01:09]} Nbd7 {[%emt 0:00:06]} 11. e4 {[%emt 0:00:44]} dxe4 {[%emt 0:00:15]} 12. Ncxe4 {[%emt 0:00:20]} c5 {[%emt 0:00:04]} 13. Be3 {[%emt 0:00:44]} Rc8 {[%emt 0:02:06]} 14. Rc1 {[%emt 0:00:12]} Nxe4 {[%emt 0:00:49]} 15. Nxe4 {[%emt 0:01:43]} cxd4 {[%emt 0:01:11]} 16. Bxd4 {[%emt 0:00:07]} Nc5 {[%emt 0:00:03]} 17. Bxc5 {[%emt 0:01:48]} Bxc5 {[%emt 0:00:30]} 18. b4 {[%emt 0:00:24]} Bf8 {[%emt 0:01:53]} 19. Qe2 {[%emt 0:00:13]} Qh4 {[%emt 0:00:44]} 20. Red1 {[%emt 0:01:58]} Red8 {[%emt 0:00:09]} 21. Ng3 {[%emt 0:00:14]} Ba6 {[%emt 0:00:40]} 22. b5 {[%emt 0:01:19]} Bb7 {[%emt 0:00:05]} 23. a4 {[%emt 0:00:12]} Bc5 {[%emt 0:00:11]} 24. Qh5 {[%emt 0:00:29]} Qxh5 {[%emt 0:02:11]} 25. Nxh5 {[%emt 0:00:02]} Rd6 {[%emt 0:00:14]} 26. Be2 {[%emt 0:00:31]} Rcd8 {[%emt 0:00:11]} 27. Ng3 {[%emt 0:01:01]} f5 {[%emt 0:01:06]} 28. Rxd6 {[%emt 0:00:58]} Bxd6 {[%emt 0:00:25]} 29. Rd1 {[%emt 0:00:39]} Kf7 {[%emt 0:00:03]} 30. Bd3 {[%emt 0:00:29]} g6 {[%emt 0:00:20]} 31. Ne2 {[%emt 0:00:18]} Bc5 {[%emt 0:01:54]} 32. Nc3 {[%emt 0:00:32]} Ke7 {[%emt 0:00:20]} 33. Kf1 {[%emt 0:00:11]} Bb4 {[%emt 0:00:11]} 34. Na2 {[%emt 0:00:08]} Bd6 {[%emt 0:00:10]} 35. h3 {[%emt 0:00:06]} Bc5 {[%emt 0:00:03]} 36. f3 {[%emt 0:00:05]} Rd7 {[%emt 0:00:07]} 37. Bc2 {[%emt 0:00:06]} Rc7 {[%emt 0:00:07]} 38. Bd3 {[%emt 0:00:04]} Bd6 {[%emt 0:00:04]} 39. Ke2 {[%emt 0:00:03]} Rc5 {[%emt 0:00:06]} 40. Nc1 {[%emt 0:00:08]} Re5+ {[%emt 0:00:06]} 41. Kf1 {[%emt 0:00:04]} Rc5 {[%emt 0:00:15]} 42. Nb3 {[%emt 0:00:02]} Rc7 {[%emt 0:00:01]} 43. Re1 {[%emt 0:00:08]} Bb4 {[%emt 0:00:03]} 44. Re2 {[%emt 0:00:07]} Rd7 {[%emt 0:00:06]} 45. Bc2 {[%emt 0:00:04]} Kf6 {[%emt 0:00:04]} 46. Kf2 {[%emt 0:00:04]} e5 {[%emt 0:00:05]} 47. Nc1 {[%emt 0:00:09]} Rd2 {[%emt 0:00:24]} 48. Rxd2 {[%emt 0:00:06]} Bxd2 {[%emt 0:00:01]} 49. Nb3 {[%emt 0:00:07]} Bb4 {[%emt 0:00:04]} 50. Ke3 {[%emt 0:00:04]} Ke6 {[%emt 0:00:02]} 51. Bd3 {[%emt 0:00:03]} Kd6 {[%emt 0:00:04]} 52. Bc2 {[%emt 0:00:03]} Bc8 {[%emt 0:00:04]} 53. Bd3 {[%emt 0:00:03]} Be6 {[%emt 0:00:01]} 54. Be2 {[%emt 0:00:09]} Bf7 {[%emt 0:00:03]} 55. Bd3 {[%emt 0:00:01]} Bc5+ {[%emt 0:00:02]} 56. Ke2 {[%emt 0:00:05]} e4 {[%emt 0:00:04]} 57. Nxc5 {[%emt 0:00:28]} exd3+ {[%emt 0:00:19]} 58. Nxd3 {[%emt 0:00:02]} Bxc4 {[%emt 0:00:01]} 59. Ke3 {[%emt 0:00:03]} Bxd3 {[%emt 0:00:02]} 60. Kxd3 {[%emt 0:00:01]} Kd5 {[%emt 0:00:01]} 61. f4 {[%emt 0:00:15]} Kc5 {[%emt 0:00:05]} 62. Kc3 {[%emt 0:00:01]} Kd5 {[%emt 0:00:02]} 63. Kd3 {[%emt 0:00:01]} h6 {[%emt 0:00:06]} 64. h4 {[%emt 0:00:08]} h5 {[%emt 0:00:14]} 65. g3 {[%emt 0:00:01]} Kc5 {[%emt 0:00:03]} 66. Kc3 {[%emt 0:00:00]} 1/2-1/2

[Event "FIDE Online Olympiad Div 2 Pool A 2020"]
[Site "Online"]
[Date "2020.08.16"]
[Round "9"]
[White "Stefanova, Antoaneta"]
[Black "Schulze, Lara"]
[Result "1-0"]
[WhiteElo "2521"]
[BlackElo "2198"]
[Annotator "TA"]
[PlyCount "55"]
[EventDate "2020.08.14"]
[EventType "team-tourn"]

{[%evp 11,55,6,24,-5,-3,-7,0,-2,0,0,0,-4,0,-15,8,-22,-18,-25,-27,-80,-39,-45,-55,-55,-48,-59,-38,-84,-84,-81,-32,-37,83,81,172,0,95,0,0,0,1324,1270,1195,1170,2002,1905]} 1. d4 Nf6 2. Nf3 e6 3. e3 d5 4. Nbd2 c5 5. b3 Nc6 6. Bb2 Bd6 {6...Bd6 scores better than 6...Be7.} 7. c4 {D05: Colle System with ...e6.} cxd4 8. exd4 O-O 9. Bd3 {The position is equal.} b6 10. O-O Bb7 11. Re1 Rc8 12. Rc1 Bf4 13. Bb1 {[#]} dxc4 $146 ({Predecessor:} 13... Ne7 14. Rc3 Nf5 15. Ne5 Bxd2 16. Qxd2 Ne4 17. Bxe4 dxe4 18. Rh3 b5 19. Ba3 Re8 {0-1 (87) Miladinovic,L (2199)-Voiska,M (2303) Belgrade 2016}) 14. bxc4 Na5 {aiming for ...Bxf3.} 15. Ne5 (15. d5 $1 $11) 15... Nd7 16. Nxd7 Qxd7 17. Bd3 Ba6 18. Rc3 $1 h6 ({Of course not} 18... Qxd4 $6 19. Bxh7+ Kh8 20. Bd3 $16) 19. c5 Bxd3 20. Rxd3 bxc5 {And now ...Qb5 would win.} 21. Ne4 $1 {[%cal Bd2e4,Be4f6,Bf6d7][%mdl 32]} c4 (21... Qb5 $15 {keeps the upper hand.} 22. Ba3 Rfd8 23. Bxc5 f5) 22. Rf3 $16 Bb8 {[#]} (22... Qc7 $16) 23. Bc3 $2 (23. Nf6+ $1 $18 {[%mdl 512]} gxf6 24. Rxf6) 23... Nc6 {[#]} (23... Qd5 $11) 24. Rh3 (24. Nf6+ $1 $16 gxf6 25. Rxf6) 24... Ne7 $11 {[#]} (24... f5 $5 25. Nc5 $8 {[%mdl 64] Double Attack} Qd5 26. Nxe6 (26. Rxe6 Nxd4 {[%mdl 64] Remove Defender} 27. Bxd4 Rfd8 $17) 26... Rf7 $11) 25. Rxh6 $1 {[%mdl 576] Deflection} gxh6 $4 {[%mdl 8192]} (25... Nd5 $11 26. Rh3 f5) 26. Nf6+ $18 {[%mdl 64] Double Attack. White is clearly winning.} Kh8 27. Nxd7 Rg8 28. d5+ {Accuracy: White = 70%, Black = 63%.} 1-0

[Event "FIDE Online Olympiad Div 2 Pool A 2020"]
[Site "Online"]
[Date "2020.08.16"]
[Round "9"]
[White "Stoyanov, Tsvetan"]
[Black "Svane, Rasmus"]
[Result "1-0"]
[WhiteElo "2304"]
[BlackElo "2457"]
[Annotator "broadcasts"]
[PlyCount "113"]
[EventDate "2020.08.14"]
[EventType "team-tourn"]
[TimeControl "900+5"]

1. e4 {[%emt 0:00:01]} c6 {[%emt 0:00:05]} 2. c4 {[%emt 0:00:04]} d5 {[%emt 0:00:03]} 3. exd5 {[%emt 0:00:02]} cxd5 {[%emt 0:00:00]} 4. cxd5 {[%emt 0:00:00]} Nf6 {[%emt 0:00:01]} 5. Bb5+ {[%emt 0:00:02]} Nbd7 {[%emt 0:00:02]} 6. Nf3 {[%emt 0:00:02]} a6 {[%emt 0:00:23]} 7. Ba4 {[%emt 0:00:03]} g6 {[%emt 0:00:47]} 8. O-O {[%emt 0:00:13]} Nxd5 {[%emt 0:00:12]} 9. Nc3 {[%emt 0:03:23]} N5b6 {[%emt 0:00:05]} 10. Bb3 {[%emt 0:00:35]} Nc5 {[%emt 0:00:21]} 11. Bxf7+ {[%emt 0:01:53]} Kxf7 {[%emt 0:00:03]} 12. d4 {[%emt 0:00:01]} Ne6 {[%emt 0:01:24]} 13. Qb3 {[%emt 0:00:03]} Kg7 {[%emt 0:04:49]} 14. Re1 {[%emt 0:06:16]} Qd6 {[%emt 0:00:08]} 15. Be3 {[%emt 0:01:35]} Nd7 {[%emt 0:01:22]} 16. Ne4 {[%emt 0:00:31]} Qb6 {[%emt 0:00:19]} 17. Qd3 {[%emt 0:00:12]} Qb5 {[%emt 0:00:23]} 18. Qd2 {[%emt 0:00:41]} Nf6 {[%emt 0:01:55]} 19. Nc3 {[%emt 0:00:07]} Qh5 {[%emt 0:00:34]} 20. d5 {[%emt 0:00:09]} Nd8 {[%emt 0:01:57]} 21. Bd4 {[%emt 0:00:01]} Nf7 {[%emt 0:00:16]} 22. Ne4 {[%emt 0:00:05]} Bg4 {[%emt 0:00:47]} 23. Ng3 {[%emt 0:00:28]} Qh6 {[%emt 0:00:14]} 24. Be3 {[%emt 0:00:04]} g5 {[%emt 0:00:01]} 25. Nxg5 {[%emt 0:00:13]} Nxg5 {[%emt 0:00:05]} 26. Bxg5 {[%emt 0:00:01]} Qg6 {[%emt 0:00:01]} 27. h3 {[%emt 0:00:01]} Bd7 {[%emt 0:00:07]} 28. d6 {[%emt 0:00:02]} h6 {[%emt 0:00:32]} 29. Bh4 {[%emt 0:00:07]} exd6 {[%emt 0:00:03]} 30. Bxf6+ {[%emt 0:00:08]} Kxf6 {[%emt 0:00:13]} 31. Qd4+ {[%emt 0:00:04]} Kf7 {[%emt 0:00:01]} 32. Qxh8 {[%emt 0:00:02]} Bc6 {[%emt 0:00:05]} 33. Qd4 {[%emt 0:00:03]} Bg7 {[%emt 0:00:09]} 34. Qc4+ {[%emt 0:00:01]} d5 {[%emt 0:00:06]} 35. Qf4+ {[%emt 0:00:01]} Kg8 {[%emt 0:00:01]} 36. Nf5 {[%emt 0:00:02]} Kh8 {[%emt 0:00:12]} 37. Re3 {[%emt 0:00:19]} Rf8 {[%emt 0:00:05]} 38. Ne7 {[%emt 0:00:10]} Qf6 {[%emt 0:00:10]} 39. Qxf6 {[%emt 0:00:05]} Rxf6 {[%emt 0:00:00]} 40. Rd1 {[%emt 0:00:07]} Rd6 {[%emt 0:00:08]} 41. Nf5 {[%emt 0:00:04]} Rf6 {[%emt 0:00:01]} 42. Nxg7 {[%emt 0:00:07]} Kxg7 {[%emt 0:00:00]} 43. Rd4 {[%emt 0:00:00]} Rd6 {[%emt 0:00:08]} 44. g4 {[%emt 0:00:02]} Kf6 {[%emt 0:00:04]} 45. Kg2 {[%emt 0:00:02]} Bd7 {[%emt 0:00:05]} 46. Kg3 {[%emt 0:00:01]} Be6 {[%emt 0:00:02]} 47. h4 {[%emt 0:00:04]} Rd8 {[%emt 0:00:05]} 48. Kf4 {[%emt 0:00:09]} Rg8 {[%emt 0:00:03]} 49. g5+ {[%emt 0:00:02]} hxg5+ {[%emt 0:00:00]} 50. hxg5+ {[%emt 0:00:00]} Kf7 {[%emt 0:00:00]} 51. Rg3 {[%emt 0:00:04]} Kg6 {[%emt 0:00:05]} 52. Ke5 {[%emt 0:00:03]} Bf7 {[%emt 0:00:04]} 53. Rf4 {[%emt 0:00:05]} Re8+ {[%emt 0:00:08]} 54. Kd4 {[%emt 0:00:01]} Kg7 {[%emt 0:00:06]} 55. g6 {[%emt 0:00:04]} Bg8 {[%emt 0:00:02]} 56. Re3 {[%emt 0:00:09]} Rb8 {[%emt 0:00:21]} 57. Rg4 {[%emt 0:00:06]} 1-0